000 00400nam a2200157Ia 4500
008 240729s9999 xx 000 0 und d
022 _a1420-8946
245 0 _aCommentarii Mathematici Helvetici
260 _aGermany
260 _bEMS Press
650 _a Mathematics
650 _aScience
856 _uhttps://doaj.org/toc/91d0097eb82a49998bab43ad84af8390
942 _2ddc
942 _cDOAJEJ
999 _c72927
_d72927
945 _a1
_bMadushi Gamage
_c1
_dMadushi Gamage